000 01096nam a2200241Ia 4500
008 0000001999 sp ad 0000000000mul00
090 _aPSP00 J85j
100 1 _aJuncosa, Enrique
_d1961
245 1 0 _aJuan Navarro Baldeweg
_c/ texto Enrique Juncosa ; traducción Anthony J. Wentzel ; fotografías Mateo Gamón
300 _a60 p.
_c/ 28 cm.
500 _aExposición realizada en la Galería Luis Adelantado de Valencia, Espa, en los meses de abril y mayo de 1999 \ Icluye datos biográficos y cronología artística \ Texto en español e inglés \ Donación Galería Nueve Ochenta, Bogotá 2014
501 _aTEXTO: Retrato del pintor como Perseo
600 0 0 _a NAVARRO BALDEWEG, JUAN, 1939/
_xTRABAJOS PICTORICOS
650 1 4 _aARTE CONTEMPORANEO ESPAÑOL
650 1 4 _aARTISTAS PLASTICOS ESPAÑOLES EXPOSIONES
650 1 4 _xCATALOGOS
650 1 4 _xEXPOSICIONES
650 1 4 _aPINTORES ESPAÑOLES
650 1 4 _aPINTURA AL OLEO
650 1 4 _aPINTURA ESPAÑOLA
650 1 4 _aPINTURA SOBRE TELA
999 _c15469
_d15469
260 _aValencia (España) : Galería Luis Adelantado
_c1999